Statistieken voor Burgemeesters van Brussel

Klik hier om de quiz te nemen!

Algemene statistieken

  • Deze quiz is 5 keer genomen
    (3 sinds de laatste reset)
  • De gemiddelde score is 5 van 22

Antwoordstatistieken

AmbtstermijnStrekkingAntwoord% Correct
1994-SocialistFreddy Thielemans
100%
2001-2013SocialistFreddy Thielemans
100%
2013-2017SocialistYvan Mayeur
67%
1909-1939LiberaalAdolphe Max
33%
1848-1860LiberaalCharles de Brouckère
33%
1995-2000LiberaalFrançois-Xavier de Donnea
33%
1863-1879LiberaalJules Anspach
33%
1914-1918LiberaalMaurice Lemonnier (waarnemend)
33%
2017-SocialistPhilippe Close
33%
1860-1863LiberaalAndré-Napoléon Fontainas
0%
1899-1909LiberaalEmile De Mot
0%
1879-1881LiberaalFelix Vanderstraeten
0%
1841-1848LiberaalFrançois-Jean Wyns de Raucour
0%
1838-1841LiberaalGuillaume Van Volxem
0%
1983-1993SocialistHerve Brouhon
0%
1939-1956LiberaalJoseph Vandemeulebroeck
0%
1941-1942ChristendemocraatJules Coelst (waarnemend)
0%
1881-1899LiberaalKarel Buls
0%
1956-1975LiberaalLucien Cooremans
0%
1993-1994ChristendemocraatMichel Demaret
0%
1830-1838LiberaalNicolas Rouppe
0%
1975-1982LiberaalPierre Van Halteren
0%

Scoreverdeling

Percentiel versus Aantal Correcte Antwoorden

Procent van Mensen met Elke Score

Uw Scoregeschiedenis

U heeft deze quiz nog niet genomen sinds de laatste reset